[Event "Hessen-chB"]
[Site "Frankfurt"]
[Date "2019.05.30"]
[Round "1"]
[White "Schimmer, Michael"]
[Black "Catalano, Enzo"]
[Result "1-0"]
[WhiteElo "1805"]
[BlackElo "1596"]
[PlyCount "41"]
[EventDate "2019.05.30"]
[EventType "swiss"]
[EventRounds "7"]
[EventCountry "GER"]
[SourceTitle "EXT 2020"]
[Source "ChessBase"]
[SourceDate "2019.10.17"]
[SourceVersion "1"]
[SourceVersionDate "2019.10.17"]
[SourceQuality "1"]

1. e4 c5 2. Nf3 Nc6 3. d4 cxd4 4. Nxd4 g6 5. c4 Nxd4 6. Qxd4 Nf6 7. e5 Ng8 8. Nc3 Bg7 9. Bf4 Nh6 10. 0-0-0 0-0 11. Be2 d6 12. Qe3 Nf5 13. Qe4 Qa5 14. Rd5 Qb6 15. g4 dxe5 16. Bxe5 Bh6+ 17. Kb1 Be6 18. Qf3 Nd6 19. c5 Bxd5 20. Nxd5 Qxc5 21. Nxe7# 1-0

[Event "Berlin Lieb Memorial 1st"]
[Site "Berlin"]
[Date "2015.06.04"]
[Round "3"]
[White "Catalano, Enzo"]
[Black "Hoemke, Holger"]
[Result "1-0"]
[WhiteElo "1576"]
[BlackElo "1581"]
[PlyCount "31"]
[EventDate "2015.05.21"]
[EventType "swiss"]
[EventRounds "7"]
[EventCountry "GER"]
[SourceTitle "EXT 2022"]
[Source "ChessBase"]
[SourceDate "2021.10.06"]
[SourceVersion "1"]
[SourceVersionDate "2021.10.06"]
[SourceQuality "1"]

1. e4 e6 2. d4 d5 3. Nc3 Bb4 4. e5 c5 5. a3 Bxc3+ 6. bxc3 Qc7 7. Nf3 Ne7 8. Bd3 Bd7 9. a4 Nbc6 10. 0-0 0-0 11. Bxh7+ Kh8 12. Ng5 g6 13. Qg4 Kg7 14. Qh3 Rh8 15. Qf3 Raf8 16. Qf6+ 1-0

[Event "Sunningdale e2e4 U1800 op 04"]
[Site "Sunningdale"]
[Date "2014.04.17"]
[Round "1"]
[White "Atara, Omeet J"]
[Black "Catalano, Enzo"]
[Result "1/2-1/2"]
[WhiteElo "1713"]
[BlackElo "1551"]
[PlyCount "81"]
[EventDate "2014.04.17"]
[EventType "swiss"]
[EventRounds "7"]
[EventCountry "ENG"]
[SourceTitle "EXT 2015"]
[Source "ChessBase"]
[SourceDate "2014.11.20"]
[SourceVersion "1"]
[SourceVersionDate "2014.11.20"]
[SourceQuality "1"]

1. c4 Nf6 2. Nc3 g6 3. Nf3 Bg7 4. g3 0-0 5. Bg2 d6 6. 0-0 e5 7. d3 Nc6 8. Bg5 h6 9. Bd2 Be6 10. Qc1 Kh7 11. Ne1 d5 12. cxd5 Nxd5 13. Nc2 Nxc3 14. Bxc3 Nd4 15. Nxd4 exd4 16. Ba5 b6 17. Bxa8 Qxa8 18. Bd2 Bh3 19. f3 Bxf1 20. Kxf1 c5 21. b4 cxb4 22. Bxb4 Rc8 23. Qf4 Qc6 24. Qxf7 Rc7 25. Qb3 a5 26. Bd2 a4 27. Qb2 Qe6 28. Rc1 Rxc1+ 29. Bxc1 Qc6 30. Bd2 b5 31. Qc1 Qxc1+ 32. Bxc1 b4 33. a3 Bf8 34. axb4 Bxb4 35. Bb2 Bc3 36. Ba3 Kg7 37. Kf2 Kf6 38. e3 dxe3+ 39. Kxe3 Ke5 40. f4+ Kd5 41. g4 1/2-1/2